01117nam a2200277 i 4500001000300000100001900003245011200022246003000134250002900164260004700193300002600240490003100266500004600297504004600343650007100389650007800460650005200538830003100590015001700621020001500638040000800653041000800661080003100669008004100700856009800741bg1 aCISZEWSKI, Jan10aPrzeprowadzanie dowodów w sprawach cywilnych i handlowych w państwach UE :bkomentarz /cJan Ciszewski.1 aPrzeprowadzanie dowodów aStan prawny lipiec 2005. aWarszawa :bWydawnictwo C. H. Beck,c2005. aXIV, 243 s. ;c19 cm.1 aKrótkie Komentarze Becka aTyt. grzbiet.: Przeprowadzanie dowodów. aWykaz aktów prawnych s. XI-XIV. Indeks. 9aDowód sądowyxprawo wspólnotowe europejskieystan na 2005 r. 9aPrawo cywilne procesowexprawo wspólnotowe europejskieystan na 2005 r. 9aPrawo krajowe a prawo wspólnotowe europejskie aKrótkie Komentarze Becka aPB 1492/2006 a8373878998 cBPK apol a347.91/.95(4-67)(094.4.07) s pl f |000 0 pol  uhttp://koha.tu.koszalin.pl/cgi-bin/koha/opac-detail.pl?biblionumber=53575yKatalog online BPK